000 01716nam a2200457Ii 4500
001 DIGSEXPIS0129
003 NyNyDIG
006 m o d
007 cr |||||||||||
008 250103s2023 sp o 000 e spa d
035 _a(OCoLC)1491106821
040 _aDGITA
_beng
_erda
_epn
_cDGITA
020 _a9788419261717
_qeBook
020 _z9788419261625
041 1 _aspa
_heng
050 1 4 _aB821 ebook
100 1 _aGray, John,
_d1948-
_eauthor.
240 1 0 _aStraw dogs.
_lSpanish
_s(Santos Mosquera)
245 1 0 _aPerros de paja :
_breflexiones sobre los humanos y otros animales /
_cJohn Gray ; traducción de Albino Santos Mosquera.
250 _aPrimera edición.
264 1 _aMadrid, España :
_bSexto Piso,
_c2023.
300 _a1 online resource.
336 _atext
_btxt
_2rdacontent
337 _acomputer
_bc
_2rdamedia
338 _aonline resource
_bcr
_2rdacarrier
347 _atext file
_2rdaft
347 _bEPUB
490 1 _aEnsayo
588 0 _aOnline resource; title from ePub title page (Digitalia, viewed January 3, 2025)
650 0 _aHumanism.
655 7 _aEssays.
_2lcgft
700 1 _aSantos Mosquera, Albino,
_etranslator.
700 1 _iTranslation of:
_aGray, John,
_d1948-
_tStraw dogs.
791 2 _aDigitalia (Firm),
_edistributor.
793 0 _gDigitalia eBook Collection:
_aEditorial Sexto Piso
776 0 8 _iPrint version:
_aGray, John, 1948-
_sStraw dogs. Spanish (Santos Mosquera).
_tPerros de paja.
_bPrimera edición.
_dMadrid, España : Sexto Piso, [2023]
_z9788419261625
830 0 _aEnsayo Sexto Piso.
856 4 0 _3Digitalia Hispánica
_uhttps://www.digitaliapublishing.com/a/135476/
910 _aPremium collection: 2025
942 _cRAA
999 _c283275
_d283275